000
00336 a2200169 4500
001
189957
020
_a
85-16-01077-5
040
_c
Magnum
100
_a
Junqueira, Sonia
240
1
0
_a
Sapituca
_l
por
245
1
0
_a
Sapituca
300
_a
16
362
0
_a
1997
440
1
_a
Moderna
697
_a
LITERATURA INFANTIL
942
_c
BK
999
_c
189957
_d
189957